[Event "Interclub B"]
[Site "Adelaide"]
[Date "2008.05.13"]
[Round "3"]
[White "Sanders, Michael"]
[Black "Koodrin, Zina"]
[Result "1-0"]
[PlyCount "71"]
[WhiteElo "1184"]
[BlackElo "1210"]

1. g3 e5 2. Bg2 d6 3. c4 c5 4. Nc3 Nc6 5. b3 Nf6 6. Bb2 Bd7 7. Nh3 Bxh3 8. Bxh3
Be7 9. Bg2 Qd7 10. Qc2 Rb8 11. O-O O-O 12. Nd5 Nd4 13. Qd1 Nxd5 14. Bxd5 Bf6
15. e3 Nf5 16. Qg4 Rbd8 17. Bxb7 Nxe3 18. Qxd7 Rxd7 19. dxe3 Rxb7 20. Rfd1 Be7
21. f4 f6 22. f5 g6 23. Rf1 Rd7 24. e4 Bd8 25. Bc3 Rg7 26. Rad1 Bc7 27. b4 gxf5
28. Rxf5 Rg4 29. bxc5 dxc5 30. Re1 Kg7 31. Kg2 Kh8 32. h3 Rg5 33. Rf3 h5 34.
Bd2 Rg6 35. Rf5 h4 36. Rh5+ 1-0

[Event "Interclub B"]
[Site "Adelaide"]
[Date "2008.05.13"]
[Round "3"]
[White "Ramos, Antonio"]
[Black "Mading, John Thon"]
[Result "0-1"]
[PlyCount "114"]
[WhiteElo "1551"]
[BlackElo "1183"]

1. e4 d5 2. exd5 Qxd5 3. Nc3 Qd8 4. d4 c6 5. Bc4 Nf6 6. Nf3 e6 7. Ne5 g6 8. Bg5
Bg7 9. Qd2 O-O 10. Bh6 Bxh6 11. Qxh6 Qxd4 12. f4 Ne4 13. Nxe4 Qxe4+ 14. Be2
Qb4+ 15. c3 Qxb2 16. Kf2 Qxc3 17. Rad1 Qc5+ 18. Kg3 Qe7 19. Rd3 Nd7 20. Kf2
Nxe5 21. Rh3 f6 22. fxe5 fxe5+ 23. Ke1 Rf7 24. Rf1 Rxf1+ 25. Kxf1 Bd7 26. Qe3
Rf8+ 27. Ke1 Qb4+ 28. Kd1 Qb1+ 29. Kd2 Qxa2+ 30. Kd1 Qa1+ 31. Kd2 Qd4+ 32. Bd3
Qxe3+ 33. Kxe3 c5 34. Rg3 Kg7 35. h4 Bc6 36. Be4 Bxe4 37. Kxe4 Rf5 38. Rb3 b6
39. Rd3 a6 40. g4 Rf4+ 41. Kxe5 Rxg4 42. Rd7+ Kh6 43. Kxe6 Rxh4 44. Kf7 c4 45.
Kg8 Kg5 46. Rd6 c3 47. Rd5+ Kh6 48. Rd1 b5 49. Kf7 b4 50. Rb1 c2 51. Rc1 b3 52.
Ra1 b2 53. Rxa6 c1=Q 54. Kf6 Qf4+ 55. Ke6 Qf5+ 56. Ke7 Re4+ 57. Kd6 Qe6+ 0-1

[Event "Interclub B"]
[Site "Adelaide"]
[Date "2008.05.13"]
[Round "3"]
[White "Perks, Hugh"]
[Black "Lower, Kevin"]
[Result "1-0"]
[PlyCount "85"]
[WhiteElo "534"]
[BlackElo "1103"]
[Annotator "Anderson-Smith,W.T."]

1. e4 e6 2. Nc3 d5 3. d4 Nf6 4. exd5 Nxd5 5. Qd3 Bd7 6. Nf3 Nc6 7. Be2 Ncb4 8.
Qd2 Bd6 9. Nxd5 Nxd5 10. O-O c6 11. c4 Nf6 12. c5 Bc7 13. Bc4 O-O 14. Re1 Qb8
15. Qe2 Re8 16. Ne5 Bxe5 17. dxe5 Nd5 18. Bd2 b5 19. Bd3 a5 20. a3 Ne7 21. Qe4
Ng6 22. g4 Qd8 23. g5 f5 24. Qg2 Rf8 25. f4 Kf7 26. Qg3 Ke7 27. h4 Be8 28. Rad1
Kd7 29. Be3 Kc7 30. Bxb5 Qxd1 31. Rxd1 cxb5 32. Rc1 Bc6 33. Bd2 Rfd8 34. Qe1 a4
35. Ba5+ Kb7 36. Bxd8 Rxd8 37. Rd1 Bd5 38. Kh2 Ka6 39. Qf2 Ne7 40. h5 Nc6 41.
Qh4 Rd7 42. h6 g6 43. Qe1 1-0

[Event "Interclub B"]
[Site "Adelaide"]
[Date "2008.05.13"]
[Round "3"]
[White "Morrissey, Laura"]
[Black "Beltsos, Michael"]
[Result "1-0"]
[PlyCount "77"]
[WhiteElo "959"]
[BlackElo "1135"]

1. f4 c5 2. Nf3 Nc6 3. e3 d5 4. Bb5 Bd7 5. b3 a6 6. Bxc6 bxc6 7. Bb2 Nf6 8. O-O
Bg4 9. d4 e6 10. Qd3 Bf5 11. Qe2 Ne4 12. Ne5 Rc8 13. Qxa6 Qc7 14. Nc3 Nd6 15.
dxc5 Nb7 16. Na4 f6 17. Nb6 Rb8 18. Na8 Qc8 19. Nb6 Qc7 20. Ned7 Bxc5 21. Nxb8
Bxe3+ 22. Kh1 Bxb6 23. Nxc6 O-O 24. Nd4 Nc5 25. Qe2 Be4 26. Rae1 Re8 27. f5 e5
28. Ne6 Nxe6 29. fxe6 Rxe6 30. c4 Rd6 31. Qh5 Bg6 32. Qh4 d4 33. Ba3 Rc6 34.
Qg5 Qa7 35. Qxe5 Qxa3 36. Qd5+ Bf7 37. Re8+ Qf8 38. Rxf8+ Kxf8 39. Qxc6 1-0

[Event "Interclub B"]
[Site "Adelaide"]
[Date "2008.05.13"]
[Round "3"]
[White "Morrissey, Kate"]
[Black "Carter, Morgan"]
[Result "1-0"]
[PlyCount "59"]
[WhiteElo "683"]
[BlackElo "384"]

1. e4 c5 2. Nf3 g6 3. b4 Bg7 4. c3 cxb4 5. d4 bxc3 6. Nxc3 e6 7. Bc4 Ne7 8. O-O
O-O 9. Bb2 a6 10. d5 b5 11. Bb3 b4 12. d6 Nec6 13. Na4 Bxb2 14. Nxb2 Qf6 15.
Nc4 a5 16. e5 Qg7 17. Re1 Na6 18. Nb6 Ra7 19. Rc1 f6 20. Qe2 fxe5 21. Nxe5 Nxe5
22. Qxe5 Qf7 23. f3 Bb7 24. Nxd7 Qxd7 25. Bxe6+ Qxe6 26. Qxe6+ Kh8 27. d7 Nc7
28. Rxc7 Rd8 29. Qf6+ Kg8 30. Re8+ 1-0

[Event "Interclub B"]
[Site "Adelaide"]
[Date "2008.05.13"]
[Round "3"]
[White "Heitmann, Gordon"]
[Black "Vuckov, George"]
[Result "0-1"]
[PlyCount "58"]
[WhiteElo "1214"]
[BlackElo "1231"]

1. d4 Nf6 2. Nf3 b6 3. e3 Bb7 4. Nbd2 g6 5. Bd3 Bg7 6. O-O O-O 7. e4 d6 8. c3
e5 9. d5 Nbd7 10. Nb3 c6 11. c4 cxd5 12. cxd5 a5 13. a4 Ba6 14. Bxa6 Rxa6 15.
Qd3 Ra7 16. h3 Rc7 17. Be3 Qb8 18. Nfd2 Rfc8 19. Rac1 Rxc1 20. Rxc1 Rxc1+ 21.
Nxc1 Qc7 22. Nc4 Nc5 23. Bxc5 Qxc5 24. Nb3 Qb4 25. Nbd2 Bh6 26. f3 Nh5 27. Qa3
Bxd2 28. Qxb4 Bxb4 29. Kf1 Bc5 0-1

[Event "Interclub B"]
[Site "Adelaide"]
[Date "2008.05.13"]
[Round "3"]
[White "Branson, Edward"]
[Black "Chesney, David"]
[Result "1-0"]
[PlyCount "81"]
[WhiteElo "1014"]
[BlackElo "1343"]

1. e4 e6 2. Nf3 d5 3. e5 c5 4. d4 cxd4 5. Qxd4 Nc6 6. Qf4 h6 7. Bb5 Ne7 8. O-O
Ng6 9. Qe3 Qc7 10. Nc3 a6 11. Bxc6+ bxc6 12. b3 c5 13. Ne2 d4 14. Qd3 Bb7 15.
c4 Be7 16. Bd2 O-O-O 17. a3 Bxf3 18. Qxf3 Nxe5 19. Qa8+ Kd7 20. Qe4 Bd6 21. Ng3
f5 22. Qe2 g5 23. f4 Ng4 24. Rae1 Rhe8 25. Qd3 gxf4 26. Nxf5 f3 27. Nxd6 Qxd6
28. Rxf3 Qxh2+ 29. Kf1 Qh1+ 30. Ke2 Qxg2+ 31. Kd1 Nf2+ 32. Rxf2 Qxf2 33. Rf1
Qg2 34. Rf7+ Kd6 35. b4 Rf8 36. bxc5+ Kxc5 37. Bb4+ Kc6 38. Bxf8 Qg5 39. Qe4+
Kb6 40. Qb7+ Ka5 41. Qb4# 1-0

[Event "Interclub B"]
[Site "Adelaide"]
[Date "2008.05.06"]
[Round "2"]
[White "Vuckov, George"]
[Black "Branson, Edward"]
[Result "0-1"]
[PlyCount "90"]
[WhiteElo "1231"]
[BlackElo "1014"]
[Annotator "Anderson-Smith,W.T."]

1. d4 d5 2. c4 Bf5 3. Nc3 e6 4. Qb3 dxc4 5. Qxc4 c6 6. a4 Nf6 7. Nf3 Na6 8. Nh4
Nb4 9. Nxf5 exf5 10. Nd1 a5 11. Ne3 Qd7 12. Bd2 Ne4 13. Rd1 Nxd2 14. Rxd2 f4
15. Nd1 Nd5 16. g3 Bb4 17. Nc3 O-O 18. Bg2 Nxc3 19. bxc3 Bd6 20. O-O Qe7 21.
Kh1 Kh8 22. Rb1 Rab8 23. Rdb2 fxg3 24. fxg3 Qf6 25. e4 Qh6 26. e5 Bc7 27. Rf2
f6 28. Rbf1 Rg8 29. Rf4 fxe5 30. Rh4 Qe3 31. Re4 Qd2 32. Re2 Qh6 33. dxe5 Rbf8
34. Rfe1 Rd8 35. Qg4 Rd2 36. h4 Rd3 37. c4 Rgd8 38. Re4 Qd2 39. R1e2 Qd1+ 40.
Kh2 Bb6 41. Re1 Qc2 42. c5 Qxc5 43. Rc4 Qa3 44. Be4 Rd2+ 45. Re2 Rd1 0-1

[Event "Interclub B"]
[Site "Adelaide"]
[Date "2008.05.06"]
[Round "2"]
[White "Mayo, Eleesheva"]
[Black "Horan, Paul"]
[Result "0-1"]
[PlyCount "38"]
[WhiteElo "670"]
[BlackElo "728"]

1. e4 e5 2. Nf3 Nc6 3. Bb5 Bc5 4. O-O d6 5. c3 Nf6 6. Re1 Ng4 7. d4 exd4 8.
cxd4 Bb4 9. Re2 a6 10. Qa4 Rb8 11. Bxc6+ bxc6 12. a3 Bd7 13. axb4 c5 14. Qxa6
Bb5 15. Qa2 Bxe2 16. Ng5 O-O 17. bxc5 Ra8 18. Ne6 Rxa2 19. Nxd8 Rxa1 0-1

[Event "Interclub B"]
[Site "Adelaide"]
[Date "2008.05.06"]
[Round "2"]
[White "Maric, Milan"]
[Black "Wilson, James"]
[Result "1-0"]
[PlyCount "91"]
[WhiteElo "1433"]
[BlackElo "1392"]

1. d4 d5 2. c4 dxc4 3. Nf3 Nf6 4. e3 b5 5. a4 c6 6. b3 Be6 7. bxc4 bxc4 8. Ne5
Ne4 9. Nxc4 Nd7 10. Bd3 Nd6 11. Nba3 Nb6 12. Qc2 Nd5 13. Bd2 g6 14. Rb1 Bg7 15.
O-O O-O 16. Na5 Rc8 17. Rfc1 Bd7 18. e4 Nf4 19. Ba6 Bxd4 20. Bxc8 Ne2+ 21. Kf1
Nxc1 22. Bxd7 Qxd7 23. Rxc1 c5 24. N5c4 Rb8 25. Be3 Rb4 26. Bxd4 cxd4 27. Nxd6
Qxd6 28. Nb5 Qxh2 29. f3 a5 30. Qf2 Qf4 31. Rd1 e5 32. g3 Qh6 33. Kg2 Rxa4 34.
Qc2 Qf8 35. Qxa4 Qc5 36. Nxd4 exd4 37. Qxd4 Qb5 38. Rd2 a4 39. Rc2 Qe8 40. Ra2
h5 41. Qxa4 Qe6 42. Rd2 g5 43. Qb5 Qf6 44. Qf5 Qe7 45. Rd5 f6 46. Qc8+ 1-0

[Event "Interclub B"]
[Site "Adelaide"]
[Date "2008.05.06"]
[Round "2"]
[White "Mading, John Thon"]
[Black "Perks, Hugh"]
[Result "1-0"]
[PlyCount "71"]
[WhiteElo "1183"]
[BlackElo "534"]

1. d4 Nf6 2. Nf3 d5 3. c3 Nc6 4. g3 Bf5 5. Nh4 Qd7 6. Nxf5 Qxf5 7. Bg2 Qh5 8.
O-O e6 9. Nd2 Bd6 10. Nf3 O-O 11. Bg5 Ne4 12. Be3 Na5 13. Qc2 Rac8 14. b3 c5
15. dxc5 Be7 16. c4 Bxc5 17. Bxc5 Rxc5 18. Qd3 Nc6 19. Rac1 Qg6 20. cxd5 Rxd5
21. Qe3 a6 22. Nh4 Qg5 23. Qxe4 Re5 24. Qc4 Rc5 25. Qxc5 Qd2 26. Qb6 Nd4 27.
Bf3 Nxe2+ 28. Bxe2 Qxe2 29. a4 g5 30. Ng2 h5 31. Qxb7 h4 32. gxh4 gxh4 33. Nxh4
Qg4+ 34. Ng2 Kh8 35. Rc3 Qd4 36. Rg3 1-0

[Event "Interclub B"]
[Site "Adelaide"]
[Date "2008.05.06"]
[Round "2"]
[White "Lower, Kevin"]
[Black "Watters, Daniel"]
[Result "0-1"]
[PlyCount "78"]
[WhiteElo "1103"]
[BlackElo "1340"]

1. c4 Nf6 2. Nf3 g6 3. g3 Bg7 4. Bg2 O-O 5. O-O c5 6. Nc3 Nc6 7. d3 d6 8. a3 a6
9. Bd2 Rb8 10. d4 cxd4 11. Nd5 Ne4 12. Nf4 Nxd2 13. Nxd2 Bg4 14. Nd3 e5 15. f3
Bd7 16. Ne4 Bf5 17. Qd2 Bxe4 18. fxe4 Na5 19. Qc2 Rc8 20. b3 b5 21. Nb2 bxc4
22. bxc4 Qb6 23. Kh1 Qc7 24. Qd2 Nb3 25. Qd3 Nxa1 26. Rxa1 Rb8 27. Nd1 Rb7 28.
e3 Rfb8 29. exd4 Rb3 30. Qc2 exd4 31. e5 Bxe5 32. Be4 d3 33. Qxd3 Rxd3 34. Bxd3
Bxa1 35. Kg2 Qc6+ 36. Kh3 Qf3 37. c5 dxc5 38. a4 h5 39. a5 g5 0-1

[Event "Interclub B"]
[Site "Adelaide"]
[Date "2008.05.06"]
[Round "2"]
[White "Low, Brandon"]
[Black "Searle, Zachary"]
[Result "0-1"]
[PlyCount "74"]
[WhiteElo "1365"]
[BlackElo "1422"]

1. e4 c5 2. d4 cxd4 3. Nf3 Nc6 4. Nxd4 Nf6 5. Nc3 e5 6. Nxc6 bxc6 7. Bc4 Be7 8.
O-O O-O 9. Re1 Qc7 10. Qd3 Bb7 11. Bg5 Rfd8 12. Rad1 d5 13. exd5 cxd5 14. Bb3
d4 15. Bxf6 Bxf6 16. Ne4 Be7 17. Qc4 Qxc4 18. Bxc4 Rac8 19. Bd3 g6 20. Ng3 Bf6
21. Ne4 Bg7 22. f3 f5 23. Nd2 Bd5 24. b3 Re8 25. Bc4 Bxc4 26. Nxc4 Rcd8 27. Kf2
Kf7 28. a4 e4 29. h3 e3+ 30. Ke2 Bf6 31. c3 Bh4 32. Rf1 d3+ 33. Rxd3 Rxd3 34.
Kxd3 e2 35. Nd6+ Kf8 36. Re1 Bxe1 37. Nxe8 Bxc3 0-1

[Event "Interclub B"]
[Site "Adelaide"]
[Date "2008.05.06"]
[Round "2"]
[White "Carter, Morgan"]
[Black "Morrissey, Laura"]
[Result "0-1"]
[PlyCount "82"]
[WhiteElo "384"]
[BlackElo "959"]

1. c4 e5 2. Nc3 Nc6 3. Nf3 Nf6 4. g3 Bc5 5. Bg2 O-O 6. O-O d5 7. cxd5 Nxd5 8.
e3 Bg4 9. Qc2 f5 10. Ne1 Nxc3 11. bxc3 Be2 12. Qb3+ Kh8 13. Qxb7 Bxf1 14. Kxf1
Na5 15. Qb5 f4 16. Bxa8 fxg3 17. hxg3 Qf6 18. Nf3 c6 19. Qe2 Rxa8 20. d4 e4 21.
Nd2 Qh6 22. Kg2 Be7 23. Nxe4 Rf8 24. f4 Qg6 25. Kf3 h5 26. Qa6 Qg4+ 27. Kf2 h4
28. Qe2 Qh3 29. Qh5+ Kg8 30. Bd2 hxg3+ 31. Nxg3 Bh4 32. Rg1 Bxg3+ 33. Rxg3 Qxh5
34. c4 Nxc4 35. Bc3 Qh4 36. Bb4 Re8 37. Be1 Nxe3 38. Ke2 Nf5+ 39. Kd1 Nxg3 40.
Bf2 Qh1+ 41. Be1 Qxe1+ 0-1

[Event "Interclub B"]
[Site "Adelaide"]
[Date "2008.05.06"]
[Round "2"]
[White "Beltsos, Michael"]
[Black "Sanders, Michael"]
[Result "0-1"]
[PlyCount "142"]
[WhiteElo "1135"]
[BlackElo "1184"]

1. c4 Nf6 2. b3 e5 3. Bb2 Nc6 4. Nc3 d5 5. cxd5 Nxd5 6. e4 Nf4 7. g3 Nd3+ 8.
Bxd3 Qxd3 9. Qe2 Qxe2+ 10. Ngxe2 Bh3 11. O-O-O Nb4 12. d3 O-O-O 13. Nd5 Nxd5
14. exd5 Rxd5 15. Nc3 Rd7 16. Nb5 a6 17. Na3 Bc5 18. Nc4 f6 19. Ne3 Rhd8 20.
Kc2 b5 21. g4 Bxe3 22. fxe3 Bxg4 23. Rd2 Bf5 24. Rhd1 Bg4 25. Rg1 Bf3 26. d4 c5
27. Rf1 Be4+ 28. Kc1 cxd4 29. exd4 exd4 30. Rf4 f5 31. Rf1 d3 32. Rg1 Rc7+ 33.
Kd1 Bf3+ 34. Ke1 Re7+ 35. Kf2 Re2+ 36. Rxe2 Bxe2 37. Bc3 g6 38. Rc1 Kb7 39. Bd2
Rc8 40. Rxc8 Kxc8 41. Ke3 g5 42. h3 g4 43. hxg4 fxg4 44. Kf2 Kd7 45. Kg3 Ke6
46. Kf4 Kf6 47. Bc3+ Kg6 48. Kg3 Kf5 49. Bd2 Ke4 50. Kf2 h5 51. Kg3 h4+ 52.
Kxh4 Kf3 53. Be1 d2 54. Bxd2 g3 55. Ba5 g2 56. Bb6 Ke4 57. Kg3 Bf1 58. Kf2 Kd3
59. Ba5 Kc2 60. a4 Kxb3 61. axb5 axb5 62. Bb6 Kc4 63. Ke1 b4 64. Kd2 Kb3 65.
Ke1 Kc2 66. Kf2 b3 67. Bd4 b2 68. Bxb2 Kxb2 69. Kg1 Kc2 70. Kf2 Kd2 71. Kg1 Ke2
0-1

[Event "Interclub B"]
[Site "Adelaide"]
[Date "2008.04.29"]
[Round "1"]
[White "Watters, Daniel"]
[Black "Eime, Roland"]
[Result "1-0"]
[PlyCount "67"]
[WhiteElo "1340"]
[BlackElo "1408"]

1. d4 e6 2. g3 Nf6 3. Bg2 d5 4. Bg5 Be7 5. Nf3 h6 6. Bxf6 Bxf6 7. O-O c5 8. c3
cxd4 9. cxd4 Nc6 10. e3 O-O 11. Nc3 b6 12. Qc2 Bb7 13. a3 a5 14. Rfe1 Rc8 15.
Qd2 Qd7 16. Rad1 Na7 17. Ne5 Qd6 18. e4 dxe4 19. Nxe4 Bxe4 20. Bxe4 Rfd8 21.
Qe2 b5 22. Qh5 Qe7 23. d5 Rd6 24. Ng4 Bxb2 25. Rd3 Qg5 26. Qxg5 hxg5 27. dxe6
Rxd3 28. exf7+ Kxf7 29. Bxd3 Bxa3 30. Ne5+ Kf8 31. Ng6+ Kf7 32. Re5 Rc1+ 33.
Kg2 Rc5 34. Re7+ 1-0

[Event "Interclub B"]
[Site "Adelaide"]
[Date "2008.04.29"]
[Round "1"]
[White "Searle, Zachary"]
[Black "Maric, Milan"]
[Result "0-1"]
[PlyCount "52"]
[WhiteElo "1422"]
[BlackElo "1433"]

1. e4 e6 2. d4 d5 3. exd5 exd5 4. c4 Nf6 5. Nc3 c6 6. Bd3 g6 7. Nge2 Bg7 8. O-O
O-O 9. Bg5 dxc4 10. Bxc4 Nbd7 11. Bb3 Nb6 12. Ne4 Nbd5 13. Bxd5 cxd5 14. Nxf6+
Bxf6 15. Bxf6 Qxf6 16. Nc3 Be6 17. Qd2 a6 18. Na4 Rfd8 19. Rfc1 Bd7 20. Nc5 Bc6
21. Re1 Re8 22. b4 b6 23. Nb3 Bb5 24. Rad1 Rac8 25. Rxe8+ Rxe8 26. Na1 Re2 0-1

[Event "Interclub B"]
[Site "Adelaide"]
[Date "2008.04.29"]
[Round "1"]
[White "Sanders, Michael"]
[Black "Carter, Morgan"]
[Result "1-0"]
[PlyCount "60"]
[WhiteElo "1184"]
[BlackElo "384"]

1. d4 Nf6 2. h3 e6 3. g4 d5 4. g5 Nfd7 5. f4 b6 6. Nf3 Nc6 7. e3 Bd6 8. Nc3 Bb7
9. a3 f6 10. h4 Qe7 11. Nb5 O-O-O 12. Bd2 e5 13. dxe5 fxe5 14. f5 e4 15. Nxd6+
cxd6 16. Nh2 Nde5 17. Bh3 Kb8 18. Bc3 Na5 19. Bxa5 bxa5 20. Qe2 a6 21. Rf1 Rdf8
22. O-O-O g6 23. f6 Qd8 24. Be6 h6 25. Bxd5 Bxd5 26. Rxd5 a4 27. Qxa6 Qd7 28.
Rxd6 Qc7 29. Rb6+ Qxb6 30. Qxb6+ Kc8 1-0

[Event "Interclub B"]
[Site "Adelaide"]
[Date "2008.04.29"]
[Round "1"]
[White "Ramos, Antonio"]
[Black "Perks, Hugh"]
[Result "0-1"]
[PlyCount "104"]
[WhiteElo "1551"]
[BlackElo "534"]

1. e4 c5 2. Nf3 e6 3. c4 Nc6 4. Nc3 Qc7 5. d3 Nf6 6. g3 Be7 7. Bf4 Bd6 8. Bxd6
Qxd6 9. Nb5 Qb8 10. d4 a6 11. Nc3 cxd4 12. Nxd4 Nxd4 13. Qxd4 e5 14. Qd2 O-O
15. f4 d6 16. O-O-O Rd8 17. fxe5 Ng4 18. c5 Be6 19. b3 Qc7 20. exd6 Qxc5 21. b4
Qxb4 22. Qd4 a5 23. Qxb4 axb4 24. Nb5 Nf2 25. Bc4 Nxh1 26. Nc7 Rab8 27. Nxe6
fxe6 28. Bxe6+ Kf8 29. e5 g6 30. Rf1+ Kg7 31. g4 Re8 32. Rf6 Nf2 33. g5 Nd3+
34. Kc2 Nxe5 35. Kd2 Rbd8 36. Bb3 Rd7 37. Ba4 Nc6 38. Bb3 Red8 39. Ke3 Rxd6 40.
Rxd6 Rxd6 41. Ke4 Rd2 42. h4 Rh2 43. Kd5 Ne7+ 44. Kd6 Nf5+ 45. Kc7 b5 46. Kb6
Rxh4 47. Kxb5 Nd4+ 48. Ka4 Nxb3 49. Kxb3 Rf4 50. Ka4 h6 51. gxh6+ Kxh6 52. a3
bxa3+ 0-1

[Event "Interclub B"]
[Site "Adelaide"]
[Date "2008.04.29"]
[Round "1"]
[White "Mading, John Thon"]
[Black "Vuckov, George"]
[Result "1-0"]
[PlyCount "89"]
[WhiteElo "1183"]
[BlackElo "1231"]

1. d4 e6 2. c3 d5 3. Nf3 c5 4. dxc5 Bxc5 5. g3 Qb6 6. e3 a5 7. Bg2 Nf6 8. O-O
Nc6 9. Nbd2 O-O 10. Nd4 Bd7 11. N2b3 Be7 12. Nxc6 bxc6 13. Nd4 c5 14. Nf3 Rad8
15. Qe2 h6 16. Ne5 Bc8 17. c4 Bb7 18. b3 d4 19. exd4 Bxg2 20. Kxg2 cxd4 21. Bd2
Nd7 22. Nxd7 Rxd7 23. Qe4 f6 24. Qg6 Qc6+ 25. Kg1 Bb4 26. Bxh6 f5 27. Bg5 Rd6
28. Be7 Rf7 29. Bxd6 Qxd6 30. Rfd1 Bc3 31. Rac1 Qe7 32. Rc2 Rf6 33. Qh5 e5 34.
Re2 g6 35. Qh3 e4 36. Qh4 d3 37. Rxd3 Bb4 38. a3 Bxa3 39. Rd5 Bc5 40. Red2
Bxf2+ 41. Rxf2 e3 42. Re2 Kg7 43. Qd4 Kh6 44. Rxe3 Re6 45. Qh8+ 1-0

[Event "Interclub B"]
[Site "Adelaide"]
[Date "2008.04.29"]
[Round "1"]
[White "Low, Brandon"]
[Black "Glasson, Ben"]
[Result "0-1"]
[PlyCount "62"]
[WhiteElo "1365"]
[BlackElo "1589"]

1. e4 c5 2. Nc3 Nc6 3. Nf3 g6 4. d4 cxd4 5. Nxd4 Bg7 6. Nxc6 bxc6 7. Bd3 Qc7 8.
Ne2 Nf6 9. Rb1 O-O 10. O-O d5 11. exd5 cxd5 12. Qd2 e5 13. Qc3 Qxc3 14. Nxc3
Be6 15. f3 Rfc8 16. Ba6 Rc7 17. Rf2 e4 18. Bf4 Rc5 19. Bb7 Rd8 20. Be5 d4 21.
Bxf6 e3 22. Bxd8 exf2+ 23. Kxf2 dxc3 24. b3 Bd5 25. Bxd5 Rxd5 26. Bc7 Rd2+ 27.
Kg3 Rxc2 28. a4 h5 29. Bf4 Re2 30. b4 c2 31. Rb3 Be5 0-1

[Event "Interclub B"]
[Site "Adelaide"]
[Date "2008.04.29"]
[Round "1"]
[White "Branson, Edward"]
[Black "Koodrin, Zina"]
[Result "1-0"]
[PlyCount "39"]
[WhiteElo "1014"]
[BlackElo "1210"]

1. e4 c5 2. Nc3 Nc6 3. Nf3 e6 4. d4 cxd4 5. Nxd4 Nf6 6. Bg5 h6 7. Bh4 Be7 8.
Bb5 a6 9. Ba4 Qb6 10. Nxc6 dxc6 11. Rb1 Ng4 12. Qxg4 Bxh4 13. Qxh4 O-O 14. O-O
Qc5 15. Bb3 b5 16. Ne2 Bb7 17. Nf4 Qe5 18. Qg3 Qxe4 19. Nh5 Qg6 20. Qxg6 1-0